000 01034nam a2200289Ia 4500
999 _c3608
_d3608
003 OSt
005 20200326120636.0
008 191128s2009 ck gr 000 0 spa d
020 _a9789298389
040 _aCO-JMCR
_cCO-JMCR
082 0 4 _a025.1714 /
_bP153a
100 1 _aPalacios, Jorge,
_eautor
_91934
245 1 0 _aEl Archivo General de la nación de Colombia :
_bdiseño y funcionalidad /
_cJorge Palacios, Ernesto Jaimes, Mauricio Tovar, William Martínez ; ilustrador Rogelio Salmona
260 _aBogotá
260 _bArchivo General de la Nación,
260 _c2009
300 _a19 páginas ;
_c 24 cm
546 _aspa
650 1 4 _aTablas de retención
_xGuías Tema
_91935
650 2 4 _aOrganización de archivos
_xGuías
_91936
650 2 4 _aTraslado de fondos documentales
_xGuías
_91937
650 2 4 _a Administración de archivos
_xGuías
_91938
700 1 _aJaimes, Ernesto
_eautor
_91939
700 1 _aTovar, Mauricio,
_eautor
_91940
700 1 _a Salmona, Rogelio,
_eilustrador
_91941
942 _2ddc
_cBK